000 00782nam a2200253Ia 4500
001 9776
003 GE_BSU
008 181216s||||||||xx |||||||||||||| ||und||
020 _a9992843799
040 _cGE_BSU
080 _a821.353.1–1
100 _aაბუსერიძე,მერი
245 _aპოეტის შვილები
245 _bლექსები
245 _cრედ.ჟუჟუნა ხაჯიშვილი.მხატვ.ჯემალ მიქელაძე
260 _aბათუმი
260 _bალიონი
260 _c2005
300 _a48გვ.ფოტო.15სმ.
541 _h60თ.
653 _aლექსები
653 _aპოეტის შვილები
942 _cBK
999 _c43056
_d43056